Statistiche per Bandiere di Nazioni con più Verde

Clicka qui per fare il quiz!

Statistiche generali

  • Questo quiz è stato fatto 3.411 volte
  • Il punteggio medio è 11 su 15

Statistiche sulle risposte

Risposta% Corretto
Arabia Saudita
97%
Brasile
97%
Nigeria
93%
Bangladesh
90%
Pakistan
88%
Algeria
87%
Turkmenistan
74%
Zambia
69%
Burkina Faso
67%
Mauritania
66%
Dominica
63%
Togo
61%
Guyana
57%
Sao Tome e Principe
52%
Isole Salomone
50%

Distribuzione punteggi

Percentile per numero di risposta

Percentuale di utenti per punteggio

I tuoi punteggi nel tempo

Non hai fatto questo quiz